000 00250nam a2200121Ia 4500
100 _aPalan/ N.G.
942 _cBK
654 _adigital
245 _aDigital Logic Design
260 _bTech-Max
_c2002
082 _a621.38195
_bPAL
546 _aENGLISH
999 _c32964
_d32964